Statistiques concernant Petit Bac #44 - Communes de Bourgogne

Cliquez ici pour prendre le quiz!

Statistiques générales

  • Ce quiz a été pris 91 fois
  • Le résultat moyen est 8 sur 15

Statistiques - réponses

1ère LettreCommune (7000+ hab.)% Correct
DDijon / Digoin
97%
AAuxerre / Autun / Auxonne / Avallon
89%
CChalon-sur-Saône / Chenôve / Chevigny-Saint-Sauveur / Cosne-Cours-sur-Loire / Charnay-lès-Mâcon
86%
MMâcon / Montceau-les-Mines / Migennes
79%
NNevers
78%
BBeaune
72%
LLe Creusot / Longvic
53%
SSens / Saint-Vallier / Saint-Apollinaire
51%
QQuetigny
32%
JJoigny
31%
GGueugnon
24%
PParay-le-Monial
24%
TTalant
21%
FFontaine-lès-Dijon
17%
VVarennes-Vauzelles
13%

Distribution des résultats

Percentile par nombre de réponses

% des personnes avec chaque résultat

Votre développement - résultats

Vous n’avez pas pris ce quiz